000
00507nam a2200181Ia 4500
008
090124s9999 xx 000 0 und d
082
_b
126125
100
_a
पंडित शरदचंद्र भा.
245
_a
लालसा
250
_a
1
260
_c
1994
300
_a
163
600
_a
पंडित शरदचंद्र भा.
630
_a
लालसा
700
_a
पंडित शरदचंद्र भा.
730
_a
लालसा
942
_c
BOOK
999
_c
172215
_d
172215